<?xml version="1.0" encoding="UTF-8"?>
<record
    xmlns:xsi="http://www.w3.org/2001/XMLSchema-instance"
    xsi:schemaLocation="http://www.loc.gov/MARC21/slim http://www.loc.gov/standards/marcxml/schema/MARC21slim.xsd"
    xmlns="http://www.loc.gov/MARC21/slim">

  <leader>01526nam a2200265 i 4500</leader>
  <controlfield tag="001">000006717</controlfield>
  <controlfield tag="003">DO-SdBNP</controlfield>
  <controlfield tag="005">20240927073746.0</controlfield>
  <controlfield tag="007">ta</controlfield>
  <controlfield tag="008">090902s1982    dr            001 0 spa d</controlfield>
  <datafield tag="040" ind1=" " ind2=" ">
    <subfield code="a">DO-SdBNP</subfield>
    <subfield code="b">spa</subfield>
    <subfield code="c">BNPHU</subfield>
    <subfield code="e">rda</subfield>
  </datafield>
  <datafield tag="082" ind1=" " ind2="4">
    <subfield code="b">P962i</subfield>
    <subfield code="2">22</subfield>
  </datafield>
  <datafield tag="245" ind1="0" ind2="4">
    <subfield code="a">Los problemas de la institucionalizaci&#xF3;n y preservaci&#xF3;n de la democracia en la Rep&#xFA;blica Dominica /</subfield>
    <subfield code="c">edici&#xF3;n Jeannette Canals ;  composici&#xF3;n y diagramaci&#xF3;n, Nin&#xF3;n Le&#xF3;n de Seleme</subfield>
  </datafield>
  <datafield tag="264" ind1=" " ind2=" ">
    <subfield code="a">Santo Domingo :</subfield>
    <subfield code="b">Amigo del Hogar,</subfield>
    <subfield code="c">1982.</subfield>
  </datafield>
  <datafield tag="300" ind1=" " ind2=" ">
    <subfield code="a">173 p. ;</subfield>
    <subfield code="c">22 cm.</subfield>
  </datafield>
  <datafield tag="490" ind1="1" ind2=" ">
    <subfield code="a">Democracia :</subfield>
    <subfield code="a">Forum</subfield>
    <subfield code="v">2</subfield>
  </datafield>
  <datafield tag="500" ind1=" " ind2=" ">
    <subfield code="a">Expositores : Joaqu&#xED;n Ricardo -- Rafael Alburquerque -- Jos&#xE9; del Castillo -- Jos&#xE9; Francisco Pe&#xF1;a G&#xF3;mez -- Narciso Isa Conde.</subfield>
  </datafield>
  <datafield tag="504" ind1=" " ind2=" ">
    <subfield code="a">Bibliograf&#xED;a: p&#xE1;gina (161)</subfield>
  </datafield>
  <datafield tag="505" ind1="1" ind2=" ">
    <subfield code="a">Presentaci&#xF3;n.</subfield>
    <subfield code="g">Introducci&#xF3;n.</subfield>
    <subfield code="t">La preservaci&#xF3;n y la institucionalizaci&#xF3;n de la democracia. por Joaqu&#xED;n Balaguer.--</subfield>
    <subfield code="t">Personalismo, caudillismo y democracia. por Rafael Alburquerque.--</subfield>
    <subfield code="t">El proceso electoral contempor&#xE1;neo en la Rep&#xFA;blica Dominicana. por Jos&#xE9; del Castillo.--</subfield>
    <subfield code="t">La democracia y principio de la no reelecci&#xF3;n. por Jos&#xE9; Francisco Pe&#xF1;a G&#xF3;mez.--</subfield>
    <subfield code="t">Democracia y clases sociales. por Narciso Isa Conde.</subfield>
  </datafield>
  <datafield tag="600" ind1="1" ind2="0">
    <subfield code="a"> Balaguer, Joaqu&#xED;n,</subfield>
    <subfield code="d">1906-2002</subfield>
    <subfield code="t">La preservaci&#xF3;n y la institucionalizaci&#xF3;n de la democracia</subfield>
    <subfield code="9">76556</subfield>
  </datafield>
  <datafield tag="700" ind1="1" ind2=" ">
    <subfield code="a">Canals, Jeanntte</subfield>
    <subfield code="e">editora</subfield>
    <subfield code="9">18694</subfield>
  </datafield>
  <datafield tag="700" ind1="1" ind2=" ">
    <subfield code="a">Le&#xF3;n de Seleme ,  Nin&#xF3;n</subfield>
    <subfield code="e">composici&#xF3;n y diagramaci&#xF3;n,</subfield>
    <subfield code="9">77590</subfield>
  </datafield>
  <datafield tag="830" ind1=" " ind2="0">
    <subfield code="a">Forum ;</subfield>
    <subfield code="v">No. 2</subfield>
    <subfield code="9">7075</subfield>
  </datafield>
  <datafield tag="942" ind1=" " ind2=" ">
    <subfield code="2">ddc</subfield>
    <subfield code="c">LBS1</subfield>
  </datafield>
  <datafield tag="952" ind1=" " ind2=" ">
    <subfield code="0">0</subfield>
    <subfield code="1">0</subfield>
    <subfield code="2">ddc</subfield>
    <subfield code="7">1</subfield>
    <subfield code="8">PD</subfield>
    <subfield code="a">BNPHU</subfield>
    <subfield code="b">PD</subfield>
    <subfield code="c">HD</subfield>
    <subfield code="d">2019-06-12</subfield>
    <subfield code="e">Donado por COPARDOM</subfield>
    <subfield code="l">0</subfield>
    <subfield code="o">BNPHU-PD xxxx P962i</subfield>
    <subfield code="p">2020-0740</subfield>
    <subfield code="r">2020-06-25</subfield>
    <subfield code="w">2020-06-25</subfield>
    <subfield code="y">LFPD</subfield>
  </datafield>
  <datafield tag="952" ind1=" " ind2=" ">
    <subfield code="0">0</subfield>
    <subfield code="1">0</subfield>
    <subfield code="2">ddc</subfield>
    <subfield code="7">1</subfield>
    <subfield code="8">PD</subfield>
    <subfield code="a">BNPHU</subfield>
    <subfield code="b">PD</subfield>
    <subfield code="c">HD</subfield>
    <subfield code="d">2009-09-02</subfield>
    <subfield code="l">0</subfield>
    <subfield code="o">BNPHU-PD xxxx P962i</subfield>
    <subfield code="p">2020-0741</subfield>
    <subfield code="r">2020-06-25</subfield>
    <subfield code="t">e. 2</subfield>
    <subfield code="w">2020-06-25</subfield>
    <subfield code="y">LFPD</subfield>
  </datafield>
  <datafield tag="952" ind1=" " ind2=" ">
    <subfield code="0">0</subfield>
    <subfield code="1">0</subfield>
    <subfield code="2">ddc</subfield>
    <subfield code="7">1</subfield>
    <subfield code="8">DS</subfield>
    <subfield code="a">BNPHU</subfield>
    <subfield code="b">GR</subfield>
    <subfield code="d">2019-06-12</subfield>
    <subfield code="e">COPARDOM</subfield>
    <subfield code="l">0</subfield>
    <subfield code="o">BNPHU-DS xxxx P962i</subfield>
    <subfield code="p">2020-0742</subfield>
    <subfield code="r">2020-12-15</subfield>
    <subfield code="t">e.3</subfield>
    <subfield code="w">2020-12-15</subfield>
    <subfield code="y">LFDS</subfield>
  </datafield>
  <datafield tag="999" ind1=" " ind2=" ">
    <subfield code="c">6506</subfield>
    <subfield code="d">6506</subfield>
  </datafield>
</record>
